LEADER 01900nam a2200277 i 4500 001 000000029914 003 CaOOAMICUS 005 20180830125448.0 008 180830s1975 fr u000 u und u 040 $aSeMil$bita 100 1 $aBérulle, Pierre : de,$c.$0(OLS)http://semarc/name/13670 245 10$aOeuvres complètes /$cPierre de Bérulle. 260 $aParis :$bOratoire de Jésus,$c1975. 260 $aParis :$bLes Éditions du Cerf,$c1975. 300 $a8 v. ;$c20 cm. 650 4$aBérulle, Pierre : de - Opere.$0(OLS)http://semarc/subject/4788 774 0 $aBérulle, Pierre : de $tConférences et fragments. 1, Collationes.$z2204051640$g1$w()229795 774 0 $aBérulle, Pierre : de $tCourts traités.$z2204059129$g6$w()229801 774 0 $aBérulle, Pierre : de $tConférences et fragments. 3, Oeuvres de piété, 1-165.$z2-204-05380-5$g3$w()229803 774 0 $aBérulle, Pierre : de $tConférences et fragments. 4, Oeuvres de piété, 166-385.$z2-204-053801-3$g4$w()229805 774 0 $aBérulle, Pierre : de $tConférences et fragments. 5, Notes et entretiens, ordonnances des visites canoniques.$z2-204-05164-0$g5$w()229807 774 0 $aBérulle, Pierre : de $tDiscours de l'état et des grandeurs de Jésus ; 1. Adresse au roi et au lecteur, Préface, Texte des discours.$z2-204-05517-4$g7$w()229817 774 0 $aBérulle, Pierre : de $tDiscours de l'état et des grandeurs de Jésus ; 2. Narré Vie, de Jésus, Elévations.$z2-204-05518-2$g8$w()229818 996 $6245$aOeuvres complètes$9(OLS)http://semarc/title/2124 996 $6260$aParis :$bLes Éditions du Cerf$9(OLS)http://semarc/publisher/29611 996 $6260$aParis :$bOratoire de Jésus$9(OLS)http://semarc/publisher/38283 LEADER 00986nam a2200217 i 4500 001 000000225270 003 CaOOAMICUS 005 20131128000000.0 008 131128n it u000 u fre u 013 $a204172 040 $aSeMil$bita 100 1 $aDarboy, Georges,$d<1813-1871>.$0(OLS)http://semarc/name/56060 245 14$aLes Femmes de la Bible :$bprincipaux fragments d'une histoire du peuple de Dieu /$cpar Mgr G. Darboy. 250 $aNouvelle édition ornée de vignettes sur acier par Staal. 260 $aParis :$bGarnier frères,$c[19-?] 300 $a512 p. :$bill. ;$c19 cm. 650 4$aBibbia - Personaggi femminili.$0(OLS)http://semarc/subject/7423 850 $aSeMil 852 $aSeMil$W1$xVenegono$y1$m2W II 103 ^$j175616$B175616$CSeMilBibl$Z2$F185844 $81 996 $6245$aLes Femmes de la Bible :$bprincipaux fragments d'une histoire du peuple de Dieu$9(OLS)http://semarc/title/322680 996 $6260$aParis :$bGarnier frères$9(OLS)http://semarc/publisher/33256